Join the Game : champions for South Africa : Přidej se do hry!
Record details
- Physical Description: 1 DVD video
- Publisher: Bonn : Don Bosco Jugend Dritte Welt, [ne po roce 2011]
Content descriptions
| General Note: | DVD obsahuje dvě interaktivní hry, výukový materiál k tématu Jižní Afrika, flashové minihry - v němčině, angličtině, italštině, polštině, španělštině a češtině |
Search for related items by subject
| Genre: | DVD |
Available copies
- 1 of 1 copy available at Common Catalog SPOK.
Holds
- 0 current holds with 1 total copy.
Show Only Available Copies
| Location | Call Number / Copy Notes | Barcode | Shelving Location | Status | Due Date |
|---|---|---|---|---|---|
| Varianty | IKV EZ | 4605402144 | Šafaříkova 17 - 5. patro, IKV | Available | - |
| LDR | ngm a22 i 4500 | ||
|---|---|---|---|
| 001 | 32385 | ||
| 003 | CZ-PrJAB | ||
| 005 | 20190814111603.0 | ||
| 007 | vd cvaizu | ||
| 008 | s2011 gw e eng | ||
| 040 | . | ‡aABH006 ‡bcze ‡erda | |
| 245 | 0 | 0. | ‡aJoin the Game : ‡bchampions for South Africa : ‡pPřidej se do hry! |
| 264 | 1. | ‡a Bonn : ‡bDon Bosco Jugend Dritte Welt, ‡c[ne po roce 2011] | |
| 300 | . | ‡a1 DVD video | |
| 336 | . | ‡advojrozměrný pohyblivý obraz ‡btdi ‡2rdacontent | |
| 337 | . | ‡avideo ‡bv ‡2rdamedia | |
| 338 | . | ‡avideodisk ‡bvd ‡2rdacarrier | |
| 347 | . | ‡avideo soubor ‡bDVD video ‡2rda | |
| 500 | . | ‡aDVD obsahuje dvě interaktivní hry, výukový materiál k tématu Jižní Afrika, flashové minihry - v němčině, angličtině, italštině, polštině, španělštině a češtině | |
| 653 | 0. | ‡aJižní Afrika ‡avýukový materiál ‡ahry | |
| 655 | 7. | ‡aDVD ‡7fd186912 ‡2czenas | |
| 910 | . | ‡aABH006 | |
| 901 | . | ‡a32385 ‡bCZ-PrJAB ‡c32385 ‡tbiblio | |